000 00587nam a2200193Ia 4500
003 IN-BaIIA
008 211028s9999 xx 000 0 eng d
020 _a0-7167-1700-X
040 _cIIA Library
080 _a523.68
_bWAS
100 _aWasson, John T.
_915316
245 0 _aMeteorites
_btheir records of early solar-system history
_cJohn T. Wasson
260 _aNew York
_bW. H. Freeman
_c1985
300 _avii, 267p.
650 _aAstronomy and astrophysics thesaurus
650 _aMeteorites
650 _aSolar-system
942 _cBK
999 _c9121
_d9121